Informačná revolúcia a technológie

Príčiny súčasného stavu a dôsledkov globalizácie. Vplyv informačnej revolúcie na globalizáciu.

Salvato in:
Dettagli Bibliografici
Autore principale: Sýkora, Luděk
Natura: Capitolo di libro
Lingua:slovacco
Soggetti:
Tags: Aggiungi Tag
Nessun Tag, puoi essere il primo ad aggiungerne!!

MARC

LEADER 00000naa a2200000 4500
001 r041789
005 20230927092650.4
041 0 |a slo 
044 |a SK 
245 1 0 |a Informačná revolúcia a technológie  |c Luděk Sýkora 
520 |a Príčiny súčasného stavu a dôsledkov globalizácie. Vplyv informačnej revolúcie na globalizáciu. 
610 2 0 |a globalizácia 
610 2 0 |a internacionalizácia 
610 2 0 |a integrácia ekonomická 
610 2 0 |a technológie informačné 
610 2 0 |a obchod 
610 2 0 |a kapitál 
610 2 0 |a hospodárstvo svetové 
100 1 |a Sýkora, Luděk